[Event "5th open"]
[Site "Zupanja"]
[Date "2011.08.19"]
[Round "5.2"]
[White "Kuljasevic, Davorin"]
[Black "Zivkovic, Vjekoslav"]
[Result "1-0"]
[WhiteElo "2555"]
[BlackElo "2380"]
[PlyCount "71"]
[EventDate "2011.08.19"]

1. d4 Nf6 2. c4 g6 3. Nf3 Bg7 4. g3 O-O 5. Bg2 d6 6. O-O c6 7. Nc3 Qb6 8. Re1
Re8 9. e3 e5 10. d5 cxd5 11. Nxd5 Nxd5 12. cxd5 Bg4 13. e4 Na6 14. a3 f5 15. b4
Rf8 16. Qd3 Nc7 17. Be3 Qb5 18. Qb3 fxe4 19. Bf1 Qd7 20. Ng5 Bf3 21. Rac1 h6
22. Bh3 Qe7 23. Qc4 Ne8 24. Nxe4 Bxe4 25. Qxe4 h5 26. Qc2 Kh7 27. Qd2 Bf6 28.
Rc4 Ng7 29. Rec1 Rf7 30. Qc2 Ne8 31. Be6 Rf8 32. g4 h4 33. g5 Bxg5 34. Rg4 Rf4
35. Bxf4 exf4 36. Kh1 1-0

[Event "5th open"]
[Site "Zupanja"]
[Date "2011.08.19"]
[Round "5.4"]
[White "Leventic, Ivan"]
[Black "Zovko, Mario"]
[Result "1-0"]
[WhiteElo "2470"]
[BlackElo "2238"]
[PlyCount "109"]
[EventDate "2011.08.19"]

1. e4 c6 2. Nc3 d5 3. Nf3 Bg4 4. h3 Bxf3 5. Qxf3 e6 6. d3 Nd7 7. Bd2 Ngf6 8. g4
Bb4 9. a3 Bc5 10. g5 Ng8 11. h4 Ne7 12. h5 Ne5 13. Qg3 Qc7 14. O-O-O O-O-O 15.
Na4 Nd7 16. Qf3 Ne5 17. Qe2 Nd7 18. Nxc5 Nxc5 19. Qf3 Rhg8 20. Bh3 Rdf8 21. Bf4
Qd8 22. Bg3 b6 23. exd5 cxd5 24. Kb1 Kb7 25. c4 Nc6 26. cxd5 Nd4 27. Qg4 Qxd5
28. Rhe1 Ka6 29. Be5 Ncb3 30. Bg2 Qd7 31. Bxd4 Nxd4 32. Rc1 Rc8 33. Qe4 Nb3 34.
Rcd1 Rc7 35. d4 b5 36. Ka2 Na5 37. d5 exd5 38. Rxd5 Qc6 39. Bf1 Nc4 40. Qd4 Qb6
41. Qxb6+ Nxb6 42. Rxb5 Kb7 43. a4 a6 44. Rb3 Ka7 45. a5 Nd5 46. Rd1 Rd8 47.
Rd4 Rc5 48. Rbd3 Rxa5+ 49. Kb1 Kb6 50. Bg2 Kc6 51. b4 Rb5 52. Ka2 a5 53. Rxd5
Rdxd5 54. Rxd5 Rxd5 55. bxa5 1-0

[Event "5th open"]
[Site "Zupanja"]
[Date "2011.08.19"]
[Round "5.5"]
[White "Rogic, Davor"]
[Black "Bratosevic, Mladen"]
[Result "1-0"]
[WhiteElo "2580"]
[BlackElo "2202"]
[PlyCount "113"]
[EventDate "2011.08.19"]

1. e4 c6 2. d4 d5 3. Nd2 dxe4 4. Nxe4 Nd7 5. Ng5 Ngf6 6. Bd3 e6 7. N1f3 Bd6 8.
Qe2 h6 9. Ne4 Nxe4 10. Qxe4 Nf6 11. Qe2 b6 12. Bd2 Qc7 13. O-O-O Bb7 14. Ne5
O-O-O 15. f4 Kb8 16. Rhf1 Ka8 17. g4 Nd5 18. a3 b5 19. h4 f6 20. Ng6 Rhe8 21.
g5 f5 22. Rde1 a6 23. Kb1 Rc8 24. b4 Ka7 25. Kb2 Ra8 26. Ne5 Bxe5 27. Qxe5 Qf7
28. Rg1 h5 29. g6 Qd7 30. Rg5 Rad8 31. Rxh5 Nf6 32. Rg5 Bc8 33. Bc3 Rh8 34. Rh1
Kb7 35. h5 Rh6 36. Be2 Qd5 37. Rh3 Qxe5 38. fxe5 Ne4 39. Rg2 Nxc3 40. Kxc3 Kb6
41. Rg1 Bd7 42. Kd2 Be8 43. Rd3 Ra8 44. a4 Rd8 45. Ra1 Bd7 46. Ke3 Bc8 47. Bf3
Bb7 48. Rc1 Rd7 49. c4 Rh8 50. Rdc3 Rhd8 51. cxb5 Rxd4 52. bxc6 Bc8 53. c7 R8d7
54. Rc6+ Ka7 55. Rd6 R4xd6 56. exd6 Rxd6 57. h6 1-0

[Event "5th open"]
[Site "Zupanja"]
[Date "2011.08.19"]
[Round "5.8"]
[White "Kruskic, Mirsad"]
[Black "Iveljic, Igor"]
[Result "1/2-1/2"]
[WhiteElo "2162"]
[BlackElo "2324"]
[PlyCount "22"]
[EventDate "2011.08.19"]

1. c4 Nf6 2. Nf3 g6 3. g3 Bg7 4. Nc3 O-O 5. Bg2 d6 6. d4 Nc6 7. O-O a6 8. h3
Bd7 9. e4 e5 10. Be3 exd4 11. Nxd4 Re8 1/2-1/2

[Event "5th open"]
[Site "Zupanja"]
[Date "2011.08.19"]
[Round "5.9"]
[White "Vajic, Goran"]
[Black "Ascic, Pero"]
[Result "1/2-1/2"]
[WhiteElo "2160"]
[BlackElo "2297"]
[PlyCount "24"]
[EventDate "2011.08.19"]

1. e4 e5 2. Nf3 Nc6 3. Bb5 a6 4. Ba4 Nf6 5. O-O Be7 6. d4 exd4 7. e5 Ne4 8.
Nxd4 O-O 9. c3 Nc5 10. Bc2 d5 11. Nxc6 bxc6 12. Nd2 Ne6 1/2-1/2

[Event "5th open"]
[Site "Zupanja"]
[Date "2011.08.19"]
[Round "5.10"]
[White "Turk, Karlo"]
[Black "Ostovic, Matija"]
[Result "0-1"]
[WhiteElo "2046"]
[BlackElo "2266"]
[PlyCount "70"]
[EventDate "2011.08.19"]

1. d4 d5 2. Nf3 Nf6 3. Bg5 Ne4 4. Bf4 c5 5. c3 Nc6 6. e3 Qb6 7. Qb3 Qxb3 8.
axb3 g6 9. Nbd2 Bg7 10. Nxe4 dxe4 11. Ng5 cxd4 12. exd4 Bf5 13. Bb5 O-O 14.
Bxc6 bxc6 15. Ra6 h6 16. Nh3 g5 17. Bg3 Bxh3 18. gxh3 f5 19. Be5 Bxe5 20. dxe5
Rfb8 21. b4 Rb6 22. Ra5 Rb5 23. Rxb5 cxb5 24. Ke2 Kf7 25. f3 exf3+ 26. Kxf3 Ke6
27. Rd1 a5 28. bxa5 Rxa5 29. h4 Ra2 30. Rd2 Kxe5 31. hxg5 hxg5 32. Re2+ Kf6 33.
h4 gxh4 34. Kf4 Ra1 35. Rh2 e5+ 0-1

[Event "5th open"]
[Site "Zupanja"]
[Date "2011.08.19"]
[Round "5.11"]
[White "Plenca, Julijan"]
[Black "Patarcic, Domagoj"]
[Result "1-0"]
[WhiteElo "2339"]
[BlackElo "2037"]
[PlyCount "51"]
[EventDate "2011.08.19"]

1. e4 Nc6 2. Nf3 d5 3. exd5 Qxd5 4. Nc3 Qa5 5. Bb5 Bg4 6. h3 Bd7 7. O-O a6 8.
Bc4 O-O-O 9. Bxf7 g5 10. Qe2 Qf5 11. Bc4 h5 12. Qe4 g4 13. Nh4 Qf6 14. g3 e6
15. d3 Nge7 16. Qf4 Nf5 17. Nxf5 exf5 18. Qxc7+ Kxc7 19. Nd5+ Kc8 20. Nxf6 h4
21. Bf4 Nd4 22. Nxd7 Kxd7 23. Kg2 hxg3 24. fxg3 Ne2 25. hxg4 fxg4 26. Be5 1-0

[Event "5th open"]
[Site "Zupanja"]
[Date "2011.08.19"]
[Round "5.12"]
[White "Plenca, Jadranko"]
[Black "Bosnjak, Damir"]
[Result "1/2-1/2"]
[WhiteElo "1868"]
[BlackElo "2309"]
[PlyCount "50"]
[EventDate "2011.08.19"]

1. e4 d6 2. d4 Nf6 3. Nc3 e5 4. dxe5 dxe5 5. Qxd8+ Kxd8 6. Bg5 Be6 7. Nf3 Nbd7
8. O-O-O Bd6 9. Bb5 Kc8 10. Bxf6 gxf6 11. Bxd7+ Kxd7 12. Nd5 Bxd5 13. Rxd5 Ke6
14. Nh4 c6 15. Rd2 Rhd8 16. Rhd1 Bc7 17. Rxd8 Rxd8 18. Rxd8 Bxd8 19. Nf5 Bb6
20. f3 Bd4 21. b3 b5 22. Kd2 Bc5 23. Kd3 Bf8 24. h3 Kd7 25. c4 a6 1/2-1/2

[Event "5th open"]
[Site "Zupanja"]
[Date "2011.08.19"]
[Round "5.15"]
[White "Alihodzic, Muzafer"]
[Black "Rosic, Slavko S"]
[Result "0-1"]
[WhiteElo "2100"]
[BlackElo "2211"]
[PlyCount "178"]
[EventDate "2011.08.19"]

1. e4 c5 2. g3 Nc6 3. Bg2 Nf6 4. Ne2 d6 5. O-O g6 6. d3 Bg7 7. Nbc3 O-O 8. h3
Rb8 9. f4 e5 10. g4 exf4 11. Bxf4 Ne5 12. Qd2 Qb6 13. Bh6 Be6 14. b3 a6 15.
Rae1 Ne8 16. Be3 Nc6 17. Na4 Qc7 18. Bf4 Nd4 19. Nac3 Qa5 20. a4 b5 21. axb5
axb5 22. Kh2 Be5 23. Bxe5 dxe5 24. Ra1 Qd8 25. Rac1 c4 26. bxc4 bxc4 27. Nd5
Bxd5 28. exd5 Qc7 29. dxc4 Qxc4 30. Nxd4 exd4 31. Rf4 Qc7 32. Kh1 Rb2 33. Rxd4
Nd6 34. Qf4 Re8 35. Rd2 Qc5 36. Qf6 Rb4 37. Rf1 Rc4 38. Qf2 Qc7 39. Qg3 Qc5 40.
Qf2 Qc7 41. Ra1 Qe7 42. Ra6 Qe5 43. Ra3 Rf4 44. Rf3 Re4 45. Qg3 Qe7 46. Rf1 Rc4
47. Rf4 Qe5 48. Rdf2 Qe1+ 49. Kh2 Rc3 50. Qh4 Rxc2 51. Qf6 Rxf2 52. Rxf2 Qb4
53. Qf4 Qc5 54. h4 Qc7 55. Rd2 Qe7 56. h5 Qh4+ 57. Bh3 Qe1 58. hxg6 hxg6 59.
Rf2 Qe7 60. g5 Qd8 61. Qf6 Qc7 62. Qf4 Re4 63. Qg3 Qe7 64. Bg2 Re5 65. Rf6 Ne8
66. Re6 Rxe6 67. dxe6 Qxe6 68. Qb8 Kg7 69. Qb2+ Kh7 70. Qd4 Nd6 71. Qh4+ Kg8
72. Qf4 Nf5 73. Be4 Qa2+ 74. Kh3 Qa3+ 75. Kg4 Ne3+ 76. Kh4 Qc3 77. Qf3 Qd4 78.
Kg3 Qe5+ 79. Qf4 Nf1+ 80. Kg4 Qa1 81. Bd5 Qd1+ 82. Bf3 Qd7+ 83. Kh4 Nd2 84. Bg4
Qd5 85. Kg3 Ne4+ 86. Kh4 Qd4 87. Qf3 Qh8+ 88. Bh5 Qxh5+ 89. Qxh5 gxh5 0-1

[Event "5th open"]
[Site "Zupanja"]
[Date "2011.08.20"]
[Round "6.1"]
[White "Jovanovic, Zoran"]
[Black "Kuljasevic, Davorin"]
[Result "1/2-1/2"]
[WhiteElo "2577"]
[BlackElo "2555"]
[PlyCount "25"]
[EventDate "2011.08.19"]

1. e4 c5 2. Nf3 Nc6 3. d4 cxd4 4. Nxd4 Nf6 5. Nc3 e5 6. Ndb5 d6 7. Bg5 a6 8.
Na3 b5 9. Nd5 Be7 10. Bxf6 Bxf6 11. c4 b4 12. Nc2 a5 13. Be2 1/2-1/2

[Event "5th open"]
[Site "Zupanja"]
[Date "2011.08.20"]
[Round "6.2"]
[White "Kljako, Damir"]
[Black "Leventic, Ivan"]
[Result "1/2-1/2"]
[WhiteElo "2181"]
[BlackElo "2470"]
[PlyCount "77"]
[EventDate "2011.08.19"]

1. d4 e6 2. e4 d5 3. exd5 exd5 4. Bd3 c5 5. c3 cxd4 6. cxd4 Nc6 7. Ne2 Nf6 8.
O-O Bd6 9. h3 h6 10. Nbc3 O-O 11. a3 Re8 12. Bc2 Ne7 13. Bf4 Bf5 14. Ba4 Nc6
15. Bxd6 Qxd6 16. Ng3 Bg6 17. Qd2 Re7 18. Rfe1 Rae8 19. Rxe7 Rxe7 20. Rc1 a6
21. Bc2 Bxc2 22. Rxc2 Qe6 23. Rc1 Na5 24. Rd1 Nc4 25. Qc1 Rc7 26. Qa1 Qb6 27.
b4 a5 28. Na4 Qc6 29. Nc5 b6 30. Nd3 Qa4 31. Rc1 Ra7 32. bxa5 Rxa5 33. Ne5 b5
34. Rc3 Ra8 35. Qc1 Qa7 36. Nf5 Ne4 37. Rf3 Re8 38. Qf4 Ra8 39. Qc1 1/2-1/2

[Event "5th open"]
[Site "Zupanja"]
[Date "2011.08.20"]
[Round "6.3"]
[White "Martic, Zlatko"]
[Black "Rogic, Davor"]
[Result "1-0"]
[WhiteElo "2361"]
[BlackElo "2580"]
[PlyCount "85"]
[EventDate "2011.08.19"]

1. d4 d5 2. c4 c6 3. Nf3 Nf6 4. e3 Bf5 5. Nh4 Bxb1 6. Rxb1 e6 7. a3 Nbd7 8. Nf3
Bd6 9. b4 O-O 10. Bb2 Ne4 11. Bd3 f5 12. O-O Rf6 13. Ne5 Rh6 14. f3 Qh4 15. h3
Ng5 16. Rf2 Bxe5 17. dxe5 Rg6 18. Kf1 Nb6 19. cxd5 Nxd5 20. Qd2 Rd8 21. Bd4 a6
22. a4 Rh6 23. b5 axb5 24. axb5 Nf7 25. bxc6 bxc6 26. Qc1 g5 27. Rb7 f4 28. e4
Ne3+ 29. Bxe3 fxe3 30. Qxe3 Nxe5 31. Bc2 Rf6 32. Qb6 Rff8 33. Bb3 Kh8 34. Qc7
Nf7 35. Qxc6 Qf4 36. Qc3+ Kg8 37. Bxe6 Rd1+ 38. Ke2 Rd6 39. Bb3 h5 40. Kf1 Kh7
41. e5 Rdd8 42. e6 Rc8 43. Qxc8 1-0

[Event "5th open"]
[Site "Zupanja"]
[Date "2011.08.20"]
[Round "6.4"]
[White "Ostovic, Matija"]
[Black "Dizdarevic, Emir"]
[Result "0-1"]
[WhiteElo "2266"]
[BlackElo "2481"]
[PlyCount "76"]
[EventDate "2011.08.19"]

1. Nf3 Nf6 2. c4 b6 3. d4 Bb7 4. Nc3 Ne4 5. Nxe4 Bxe4 6. Nd2 Bb7 7. e4 g6 8.
Bd3 Bg7 9. Nb3 a5 10. Be3 a4 11. Nd2 c5 12. dxc5 bxc5 13. Bxc5 Bxb2 14. Rb1 a3
15. Bxa3 Bxa3 16. Rxb7 Nc6 17. O-O O-O 18. Rb1 Qc7 19. Bc2 Bd6 20. Nf3 Rxa2 21.
g3 Bc5 22. Bb3 Ra3 23. Qd2 Rb8 24. Qd1 Qd6 25. Qc2 Qf6 26. Nd2 d6 27. Kg2 Rb4
28. Qd1 Nd4 29. h3 h5 30. Bc2 h4 31. Rxb4 Bxb4 32. Nb1 Ra2 33. Bd3 hxg3 34.
Kxg3 Rb2 35. Qg4 Rb3 36. Rd1 Ne6 37. f4 Qd4 38. Qf3 Nc5 0-1

[Event "5th open"]
[Site "Zupanja"]
[Date "2011.08.20"]
[Round "6.6"]
[White "Zivkovic, Vjekoslav"]
[Black "Srbis, Jurica"]
[Result "1/2-1/2"]
[WhiteElo "2380"]
[BlackElo "2274"]
[PlyCount "30"]
[EventDate "2011.08.19"]

1. e4 e5 2. Nf3 Nc6 3. Bc4 Nf6 4. d3 Be7 5. O-O O-O 6. a4 d6 7. Re1 h6 8. a5 a6
9. Nbd2 Nh7 10. c3 Ng5 11. Nf1 Bg4 12. Bxg5 Bxg5 13. h3 Bxf3 14. Qxf3 Qf6 15.
Qxf6 Bxf6 1/2-1/2

[Event "5th open"]
[Site "Zupanja"]
[Date "2011.08.20"]
[Round "6.7"]
[White "Rosic, Slavko S"]
[Black "Plenca, Julijan"]
[Result "1-0"]
[WhiteElo "2211"]
[BlackElo "2339"]
[PlyCount "45"]
[EventDate "2011.08.19"]

1. d4 d5 2. Nf3 Nf6 3. g3 c5 4. dxc5 e6 5. Bg2 Bxc5 6. O-O O-O 7. c4 dxc4 8.
Qc2 Nbd7 9. Qxc4 b5 10. Qxb5 Rb8 11. Qd3 Qb6 12. Na3 e5 13. Nc4 Qc7 14. Ncxe5
Rd8 15. Nxf7 Kxf7 16. Bf4 Qb6 17. Ng5+ Ke7 18. Qc4 Rf8 19. Bxb8 Nxb8 20. Rac1
Nbd7 21. Nxh7 Ba6 22. Qh4 Rh8 23. Nxf6 1-0

[Event "5th open"]
[Site "Zupanja"]
[Date "2011.08.20"]
[Round "6.8"]
[White "Iveljic, Igor"]
[Black "Zovko, Mario"]
[Result "1-0"]
[WhiteElo "2324"]
[BlackElo "2238"]
[PlyCount "101"]
[EventDate "2011.08.19"]

1. e4 c6 2. d4 d5 3. e5 Bf5 4. c4 e6 5. Nc3 Ne7 6. a3 dxc4 7. Bxc4 Nd7 8. Nge2
Nb6 9. Bb3 Ned5 10. O-O Be7 11. Ng3 Bg6 12. f4 Qd7 13. Qf3 O-O-O 14. Nce4 Bxe4
15. Nxe4 g6 16. Bd2 Kb8 17. Rfd1 Rc8 18. Rac1 Na8 19. Be1 Nac7 20. Bc4 Ne8 21.
b4 f5 22. exf6 Nexf6 23. Nc5 Bxc5 24. dxc5 Rce8 25. Bc3 Rhf8 26. Be5+ Ka8 27.
Rb1 Qc8 28. b5 Rd8 29. Rdc1 Nd7 30. Bd6 Nb8 31. bxc6 Nxc6 32. Bxd5 exd5 33.
Bxf8 Rxf8 34. Qxd5 Rxf4 35. Rf1 Rd4 36. Qf7 Rd7 37. Qf8 Kb8 38. Rbd1 Re7 39.
Rde1 Rxe1 40. Qxc8+ Kxc8 41. Rxe1 Kd7 42. Kf2 Nd8 43. Ke3 Ne6 44. Rf1 Ke7 45.
Rc1 Kd7 46. Ke4 Kc6 47. Ke5 Nxc5 48. Kf6 Kd6 49. Kg7 Ne6+ 50. Kxh7 g5 51. Kg6
1-0

[Event "5th open"]
[Site "Zupanja"]
[Date "2011.08.20"]
[Round "6.9"]
[White "Ascic, Pero"]
[Black "Kruskic, Mirsad"]
[Result "1-0"]
[WhiteElo "2297"]
[BlackElo "2162"]
[PlyCount "109"]
[EventDate "2011.08.19"]

1. e4 c5 2. Nf3 d6 3. d4 cxd4 4. Nxd4 Nf6 5. Nc3 a6 6. Be2 Nc6 7. Be3 Bd7 8. f3
e6 9. Qd2 Rc8 10. g4 h6 11. O-O-O Ne5 12. h4 Nc4 13. Bxc4 Rxc4 14. g5 Nh5 15.
Rhg1 hxg5 16. hxg5 g6 17. f4 Bg7 18. Nde2 Bc6 19. b3 Rb4 20. Qxd6 Qxd6 21. Rxd6
Rxe4 22. Nxe4 Bxe4 23. Bb6 O-O 24. Ng3 Bc6 25. Be3 Rc8 26. Rd2 Bc3 27. Rh2 Nxg3
28. Rxg3 e5 29. Bc5 Bf3 30. Bd6 e4 31. Rgh3 Bh5 32. Be5 Bxe5 33. fxe5 Re8 34.
Kd2 Rxe5 35. Rg3 e3+ 36. Rxe3 Rxg5 37. Re8+ Kg7 38. Re7 Bf3 39. Rf2 Kf8 40. Rc7
Rg2 41. Rxg2 Bxg2 42. Ke3 g5 43. c4 Kg7 44. b4 Kg6 45. a4 f5 46. b5 axb5 47.
cxb5 f4+ 48. Kf2 Be4 49. Re7 Bd5 50. Rd7 Be4 51. Rd4 Kf5 52. a5 g4 53. Rxe4
Kxe4 54. a6 g3+ 55. Kf1 1-0

[Event "5th open"]
[Site "Zupanja"]
[Date "2011.08.20"]
[Round "6.10"]
[White "Pandurevic, Miro"]
[Black "Vajic, Goran"]
[Result "0-1"]
[WhiteElo "2291"]
[BlackElo "2160"]
[PlyCount "119"]
[EventDate "2011.08.19"]

1. e4 e5 2. Nf3 Nc6 3. d4 exd4 4. Nxd4 Nf6 5. Nc3 Bc5 6. Be3 Bxd4 7. Bxd4 Nxd4
8. Qxd4 Qe7 9. O-O-O d6 10. Bb5+ c6 11. Be2 Be6 12. Qxd6 Qxd6 13. Rxd6 Ke7 14.
Rd4 b5 15. Bf3 Rac8 16. b3 g5 17. Re1 c5 18. Rd2 g4 19. Bd1 b4 20. Nb5 Rc6 21.
e5 Nd7 22. f4 c4 23. f5 cxb3 24. fxe6 Nc5 25. Rd6 bxa2 26. Kb2 Rb6 27. Nd4 fxe6
28. Nc6+ Kf7 29. Rf1+ Kg7 30. Nd4 Rxd6 31. exd6 Rd8 32. Nb5 Kg6 33. Rf4 h5 34.
Rd4 a6 35. Nc7 e5 36. Rd5 Na4+ 37. Ka1 Nc3 38. Rd3 e4 39. Rd4 Kf5 40. d7 Ke5
41. Rd2 a5 42. Na6 Nb1 43. Re2 Rxd7 44. Rxe4+ Kxe4 45. Nc5+ Ke3 46. Nxd7 Nc3
47. Nf6 Nxd1 48. Kxa2 Kf2 49. g3 a4 50. Nxh5 Kg2 51. Nf6 Ne3 52. Kb2 Kxh2 53.
Ne4 Kg2 54. Nc5 a3+ 55. Kb3 Kxg3 56. Nd3 Nd5 57. c4 bxc3 58. Kxa3 Kf3 59. Kb3
g3 60. Kc2 0-1

[Event "5th open"]
[Site "Zupanja"]
[Date "2011.08.20"]
[Round "6.12"]
[White "Bosnjak, Damir"]
[Black "Zuko, Rasim"]
[Result "1-0"]
[WhiteElo "2309"]
[BlackElo "2067"]
[PlyCount "47"]
[EventDate "2011.08.19"]

1. e4 e5 2. Nf3 d6 3. d4 exd4 4. Nxd4 g6 5. Bc4 Bg7 6. O-O c6 7. a4 Ne7 8. Nc3
O-O 9. Bg5 h6 10. Bh4 g5 11. Bg3 Ng6 12. Bb3 Qf6 13. Nde2 Ne5 14. f4 gxf4 15.
Rxf4 Qg6 16. Nd4 Na6 17. Nf5 Bxf5 18. exf5 Qf6 19. Bh4 Nf3+ 20. Qxf3 Qe5 21. f6
Bh8 22. Rg4+ Kh7 23. Qd3+ Qe4 24. Qxe4# 1-0

[Event "5th open"]
[Site "Zupanja"]
[Date "2011.08.20"]
[Round "6.13"]
[White "Budimir, Boris"]
[Black "Monjac, Mislav"]
[Result "1/2-1/2"]
[WhiteElo "2275"]
[BlackElo "2043"]
[PlyCount "114"]
[EventDate "2011.08.19"]

1. Nf3 Nf6 2. d4 e6 3. Bf4 b6 4. h3 Bb7 5. e3 d6 6. Nbd2 Nbd7 7. Bd3 Qe7 8. Bh2
g6 9. O-O Bg7 10. e4 O-O 11. e5 dxe5 12. dxe5 Nd5 13. Ne4 Nc5 14. Nxc5 Qxc5 15.
Qe2 Nb4 16. Rfe1 Nxd3 17. cxd3 Qd5 18. d4 Rfd8 19. Bf4 Rac8 20. b3 c5 21. dxc5
Qxc5 22. Rac1 Qf8 23. Nd2 Qb4 24. Rxc8 Rxc8 25. Nc4 Ba6 26. Qd2 Qxd2 27. Nxd2
Bd3 28. Nf3 Bf8 29. Rd1 Be2 30. Rd7 Bxf3 31. gxf3 a5 32. Kf1 h6 33. Ke2 Rc2+
34. Rd2 Rc7 35. Be3 Rb7 36. Rd8 Kg7 37. Kd3 Bb4 38. f4 b5 39. Bd2 Bxd2 40. Kxd2
b4 41. Kd3 Rc7 42. Ra8 Rc5 43. Ke4 Rd5 44. f3 Rc5 45. h4 h5 46. Ke3 Rd5 47. Rc8
Rb5 48. Kd3 Rd5+ 49. Kc2 Rb5 50. Kd3 Rd5+ 51. Ke3 Rb5 52. Rd8 Rc5 53. Kd3 Rc3+
54. Ke2 Rc2+ 55. Rd2 Rc3 56. Rd3 Rc2+ 57. Rd2 Rc3 1/2-1/2

[Event "5th open"]
[Site "Zupanja"]
[Date "2011.08.20"]
[Round "6.14"]
[White "Turk, Karlo"]
[Black "Dulic, Grgur"]
[Result "0-1"]
[WhiteElo "2046"]
[BlackElo "2251"]
[PlyCount "150"]
[EventDate "2011.08.19"]

1. d4 Nf6 2. Nf3 g6 3. Bg5 Bg7 4. e3 d6 5. c4 Ne4 6. Bf4 c5 7. Nc3 Nxc3 8. bxc3
Qa5 9. Qd2 Nc6 10. Rb1 e5 11. Bg3 O-O 12. Rb5 Qa4 13. Qb2 b6 14. Bd3 Kh8 15.
Bc2 Qxc4 16. Nd2 Qe6 17. d5 Qd7 18. dxc6 Qxc6 19. c4 f5 20. e4 Be6 21. f3 Rab8
22. O-O a6 23. Rb3 b5 24. a4 b4 25. Rd3 f4 26. Bh4 Rf7 27. Rd1 h6 28. Bf2 Kh7
29. Bb3 Bf6 30. a5 g5 31. g4 h5 32. h3 Kg6 33. Nb1 Be7 34. Qd2 Rd8 35. gxh5+
Kxh5 36. Kh2 Kg6 37. Rh1 Rh7 38. Rd5 Rdh8 39. h4 Kf7 40. Qc2 gxh4 41. Rdd1 h3
42. Qe2 Rg7 43. Rhg1 Rhg8 44. Rxg7+ Rxg7 45. Rg1 Rxg1 46. Bxg1 Qc7 47. Qa2 Qd8
48. Bf2 Qg8 49. Be1 Ke8 50. Qe2 Bd8 51. Ba4+ Kf8 52. Qd2 Be7 53. Bb3 Ke8 54.
Qe2 Kd7 55. Qf1 Bd8 56. Ba4+ Kc7 57. Nd2 Qg7 58. Qg1 Qxg1+ 59. Kxg1 Kc8 60. Kh1
Bxa5 61. Bh4 Bc7 62. Be7 a5 63. Bh4 Bb6 64. Be1 Bd8 65. Kh2 Bd7 66. Bxd7+ Kxd7
67. Kxh3 a4 68. Kg4 Ba5 69. Nb1 Kc7 70. Kf5 Kb6 71. Ke6 b3 72. Bxa5+ Kxa5 73.
Kxd6 Kb4 74. Kxe5 a3 75. Nd2 a2 0-1

[Event "5th open"]
[Site "Zupanja"]
[Date "2011.08.20"]
[Round "6.15"]
[White "Patarcic, Domagoj"]
[Black "Rubil, Marko"]
[Result "0-1"]
[WhiteElo "2037"]
[BlackElo "2211"]
[PlyCount "32"]
[EventDate "2011.08.19"]

1. e4 e5 2. Nf3 Nc6 3. Bc4 Bc5 4. d4 exd4 5. Ng5 Nh6 6. Nxf7 Nxf7 7. Bxf7+ Kxf7
8. Qh5+ g6 9. Qxc5 d6 10. Qb5 Re8 11. f3 Qh4+ 12. g3 Rxe4+ 13. fxe4 Qxe4+ 14.
Kf2 Qxh1 15. Bf4 Qxh2+ 16. Kf3 Bh3 0-1

[Event "5th open"]
[Site "Zupanja"]
[Date "2011.08.20"]
[Round "7.2"]
[White "Kuljasevic, Davorin"]
[Black "Martic, Zlatko"]
[Result "1-0"]
[WhiteElo "2555"]
[BlackElo "2361"]
[PlyCount "85"]
[EventDate "2011.08.19"]

1. d4 Nf6 2. c4 g6 3. Nf3 Bg7 4. Nc3 O-O 5. g3 d6 6. Bg2 Nc6 7. O-O Bf5 8. Re1
Ne4 9. Nd5 Bd7 10. Be3 f5 11. Nd2 Nf6 12. Nxf6+ Bxf6 13. d5 Ne5 14. h3 c5 15.
f4 Nf7 16. Bf2 a6 17. e4 b5 18. Qc2 Rb8 19. Rab1 Qc7 20. Kh2 e5 21. dxe6 Bxe6
22. b3 bxc4 23. Nxc4 Rfe8 24. Rbd1 Kg7 25. Nxd6 Nxd6 26. e5 Be7 27. exd6 Bxd6
28. Qd3 Bf8 29. Qxa6 Bf7 30. Qd3 c4 31. bxc4 Qxc4 32. Qxc4 Bxc4 33. a4 Rxe1 34.
Bxe1 Kf7 35. Rc1 Bd3 36. Rc7+ Ke6 37. Bc3 Rb3 38. Be5 Bb4 39. Rxh7 Ra3 40. Rb7
Be1 41. Rb6+ Kf7 42. Bd5+ Ke8 43. Bb2 1-0

[Event "5th open"]
[Site "Zupanja"]
[Date "2011.08.20"]
[Round "7.3"]
[White "Dizdarevic, Emir"]
[Black "Iveljic, Igor"]
[Result "1-0"]
[WhiteElo "2481"]
[BlackElo "2324"]
[PlyCount "65"]
[EventDate "2011.08.19"]

1. Nf3 Nf6 2. g3 g6 3. Bg2 Bg7 4. b3 O-O 5. Bb2 d6 6. d4 c5 7. c4 Nc6 8. O-O
cxd4 9. Nxd4 Bd7 10. Qd2 Nxd4 11. Bxd4 Bc6 12. Nc3 Qa5 13. Rad1 Rfc8 14. Rfe1
a6 15. a4 Nd7 16. Bh3 Bxd4 17. Qxd4 Rd8 18. Bxd7 Rxd7 19. e4 Rdd8 20. Re3 Qc5
21. Qd2 Rac8 22. Nd5 Bxd5 23. exd5 Rd7 24. Rde1 b5 25. axb5 axb5 26. Re4 Kg7
27. Rxe7 Rxe7 28. Rxe7 bxc4 29. Qc3+ Kg8 30. bxc4 Qb6 31. Kg2 Qd8 32. Qf6 Qf8
33. Rd7 1-0

[Event "5th open"]
[Site "Zupanja"]
[Date "2011.08.20"]
[Round "7.4"]
[White "Tomic, Bosko"]
[Black "Ascic, Pero"]
[Result "1/2-1/2"]
[WhiteElo "2409"]
[BlackElo "2297"]
[PlyCount "39"]
[EventDate "2011.08.19"]

1. e4 e5 2. Nf3 Nc6 3. Bb5 a6 4. Ba4 Nf6 5. O-O Be7 6. d4 exd4 7. e5 Ne4 8.
Nxd4 O-O 9. Nf5 d5 10. Nxe7+ Nxe7 11. Nd2 Nc5 12. c3 Bf5 13. Bc2 Qd7 14. Nb3
Bxc2 15. Qxc2 Nxb3 16. axb3 Nc6 17. Bf4 Rfe8 18. Rfe1 Qg4 19. Bg3 Qg6 20. Qxg6
1/2-1/2

[Event "5th open"]
[Site "Zupanja"]
[Date "2011.08.20"]
[Round "7.7"]
[White "Rogic, Davor"]
[Black "Stocko, Josip"]
[Result "1-0"]
[WhiteElo "2580"]
[BlackElo "2172"]
[PlyCount "99"]
[EventDate "2011.08.19"]

1. e4 c5 2. Nf3 d6 3. d4 cxd4 4. Nxd4 Nf6 5. Nc3 a6 6. Be2 e5 7. Nb3 Be7 8. O-O
O-O 9. a4 b6 10. Be3 Nbd7 11. f3 Qc7 12. Nc1 Bb7 13. N1a2 Nc5 14. Rf2 Ne6 15.
Bf1 d5 16. Nxd5 Bxd5 17. exd5 Nd4 18. Bg5 Nxd5 19. Bxe7 Nxe7 20. Nc3 Rfd8 21.
Qe1 f5 22. Rd1 Qc5 23. Kh1 Ng6 24. Rfd2 Qc7 25. Bd3 Kh8 26. Ne2 Nxe2 27. Rxe2
Rf8 28. h3 Qc6 29. b3 b5 30. axb5 axb5 31. Qb4 Rab8 32. Ra1 Nf4 33. Rxe5 Nxh3
34. Bxf5 Ng5 35. Qg4 Qh6+ 36. Kg1 Nf7 37. Re6 Qd2 38. Bd3 Nh6 39. Qe4 Nf5 40.
Re5 Qc3 41. Re1 Qd4+ 42. Qxd4 Nxd4 43. Rd5 Rfd8 44. Ree5 b4 45. Kf2 g6 46. Ke3
Nc6 47. Rxd8+ Rxd8 48. Rb5 Re8+ 49. Be4 Kg7 50. g4 1-0

[Event "5th open"]
[Site "Zupanja"]
[Date "2011.08.20"]
[Round "7.9"]
[White "Rubil, Marko"]
[Black "Zivkovic, Vjekoslav"]
[Result "0-1"]
[WhiteElo "2211"]
[BlackElo "2380"]
[PlyCount "46"]
[EventDate "2011.08.19"]

1. e4 c5 2. Nf3 d6 3. d4 cxd4 4. Nxd4 Nf6 5. Nc3 a6 6. Bc4 e6 7. Bb3 b5 8. Qf3
Qb6 9. Be3 Qb7 10. a3 Nbd7 11. Bg5 Be7 12. O-O Nc5 13. Nf5 exf5 14. Bxf6 Nxb3
15. Bxe7 Nxa1 16. Nd5 Be6 17. Bxd6 fxe4 18. Nc7+ Qxc7 19. Qxe4 Qc8 20. Rxa1 f6
21. Rd1 Kf7 22. Rd3 Re8 23. h3 Bc4 0-1

[Event "5th open"]
[Site "Zupanja"]
[Date "2011.08.20"]
[Round "7.10"]
[White "Radovic, Velimir"]
[Black "Bosnjak, Damir"]
[Result "1/2-1/2"]
[WhiteElo "2147"]
[BlackElo "2309"]
[PlyCount "55"]
[EventDate "2011.08.19"]

1. e4 c6 2. d3 d5 3. Nd2 e5 4. Ngf3 Bd6 5. g3 Nf6 6. Bg2 O-O 7. O-O h6 8. a3
Be6 9. Qe2 Nbd7 10. Nh4 Re8 11. c4 a5 12. cxd5 cxd5 13. exd5 Bxd5 14. Ne4 Bf8
15. Nf5 Qb6 16. Be3 Qa6 17. f3 Bxe4 18. fxe4 Nc5 19. Bxc5 Bxc5+ 20. Kh1 Rad8
21. Rf3 Re6 22. Raf1 Bf8 23. Bh3 Rb6 24. Qf2 g6 25. Nxh6+ Bxh6 26. Rxf6 Rxf6
27. Qxf6 Qxf6 28. Rxf6 1/2-1/2

[Event "5th open"]
[Site "Zupanja"]
[Date "2011.08.20"]
[Round "7.11"]
[White "Jefic, Srdjan"]
[Black "Ostovic, Matija"]
[Result "1/2-1/2"]
[WhiteElo "2143"]
[BlackElo "2266"]
[PlyCount "82"]
[EventDate "2011.08.19"]

1. e4 c5 2. Nf3 Nc6 3. d4 cxd4 4. Nxd4 g6 5. c4 Nf6 6. Nc3 d6 7. Be2 Bg7 8. Be3
O-O 9. O-O Bd7 10. Kh1 a5 11. b3 Nxd4 12. Bxd4 Bc6 13. f3 Nd7 14. Bxg7 Kxg7 15.
Qd4+ Kg8 16. Rad1 Qb6 17. f4 Qxd4 18. Rxd4 Rfd8 19. Rfd1 Nc5 20. g3 f5 21. Bf3
Rf8 22. Kg1 fxe4 23. Bg2 g5 24. fxg5 Ne6 25. R4d2 Nxg5 26. Re2 Rf5 27. Nxe4 Re5
28. Rde1 Nxe4 29. Bxe4 Rxe4 30. Rxe4 Bxe4 31. Rxe4 Kf7 32. Kf2 a4 33. b4 Rc8
34. Ke3 e5 35. Kd3 h5 36. c5 dxc5 37. Rxe5 cxb4 38. Rxh5 Rc3+ 39. Kd4 Rc2 40.
Rh7+ Kg6 41. Rxb7 Rxa2 1/2-1/2